000 00337 a2200121 4500
001 ART_17546
005 20260410161750.0
008 260409a
245 1 0 _aWhat got you here wont get you there
100 1 _aGoldsmith, Marshall
700 1 _aReiter, Mark
773 0 _tBook Summary
_g- NÂș 12 (ene. 2009)
_wREV4099
999 _c19598
_d19598